000 00800cab a2200229 4500
001 ABS53024
008 090401t1995 xxu||||| |||| 00| 0 eng d
035 _a(Sirsi) u1393
041 _aeng
100 _aJones, C.
245 3 _aAn economic basis for the analysis and prediction of local office property markets
260 _c1995
350 _a0
490 _aJournal of Property Valuation and Investment
_v13(2) 1995, 16-30(15)
520 _aExamines the economics basis of current approaches to analysing and forecasting the office property market.
650 _aFORECASTING
650 _aPROPERTY-COMMERCIAL PROPERTY-OFFICE PROPERTY-OFFICE PROPERTY MARKET
650 _aPAISLEY
690 _aPROPERTY-COMMERCIAL PROPERTY-COMMERCIAL PROPERTY MARKET
942 _n0
948 _c04/03/1997
999 _c769
_d769